UM Logo

Patterns in action / (Record no. 19815)

MARC details
000 -LEADER
fixed length control field 00534nam a22001697a 4500
008 - FIXED-LENGTH DATA ELEMENTS--GENERAL INFORMATION
fixed length control field 240323b ||||| |||| 00| 0 eng d
020 ## - INTERNATIONAL STANDARD BOOK NUMBER
International Standard Book Number 067339767X
082 ## - DEWEY DECIMAL CLASSIFICATION NUMBER
Classification number DC 808.0427
Item number Sch9 1988
100 ## - MAIN ENTRY--PERSONAL NAME
Personal name Schwegler, Robert A.
9 (RLIN) 55245
245 ## - TITLE STATEMENT
Title Patterns in action /
Statement of responsibility, etc. Robert A. Schwegler.
250 ## - EDITION STATEMENT
Edition statement 2nd edition.
260 ## - PUBLICATION, DISTRIBUTION, ETC. (IMPRINT)
Place of publication, distribution, etc. Glenview, Illinois :
Name of publisher, distributor, etc. Scott, Foresman and Company,
Date of publication, distribution, etc. ©1988.
300 ## - PHYSICAL DESCRIPTION
Extent xviii, 540 pages :
Other physical details illustrations ;
Dimensions 21 cm.
500 ## - GENERAL NOTE
General note Includes index.
650 ## - SUBJECT ADDED ENTRY--TOPICAL TERM
Topical term or geographic name as entry element Literature.
9 (RLIN) 55750
942 ## - ADDED ENTRY ELEMENTS (KOHA)
Source of classification or shelving scheme Dewey Decimal Classification
Koha item type Circulation
Holdings
Withdrawn status Lost status Source of classification or shelving scheme Damaged status Not for loan Collection code Home library Current library Date acquired Source of acquisition Total Checkouts Full call number Barcode Date last seen Price effective from Koha item type
    Dewey Decimal Classification     Circulation UM Digos College - LIC UM Digos College - LIC 02/26/1994   DC 808.0427 Sch9 1988 11231 03/23/2024 03/23/2024 Circulation